Normal view MARC view

Entry Personal Name

Number of records used in: 1

001 - CONTROL NUMBER

  • control field: 12960

003 - CONTROL NUMBER IDENTIFIER

  • control field: OSt

005 - DATE AND TIME OF LATEST TRANSACTION

  • control field: 20190927120419.0

008 - FIXED-LENGTH DATA ELEMENTS

  • fixed length control field: 190927|| aca||aabn | a|a d

040 ## - CATALOGING SOURCE

  • Original cataloging agency: OSt
  • Transcribing agency: OSt

100 ## - HEADING--PERSONAL NAME

  • Personal name: edited by Schneider,Barbara;Coleman,S.James;

670 ## - SOURCE DATA FOUND

  • Source citation: Work cat.: (OSt): edited by Schneider,Barbara;Coleman,S.James;, Parents,Their Children, and schools.o, 1993.